000 00350nam a2200133Ia 4500
008 100328s9999 xx 000 0 und d
082 _b41513
100 _aकामत सुमेधा
245 _aरानभूल
260 _bइंद्रायणी
630 _aरानभूल
730 _aरानभूल
942 _cBOOK
999 _c530096
_d530093